000 00746cam a2200241 i 4500
008
020 _a9780199684816 (pbk.)
049 _aMAIN
090 _aHD75
_bROS.
100 1 _aRos, Jaime,
_eauthor.
245 1 0 _aRethinking economic development, growth, and institutions /
_cJaime Ros.
260 1 _aOxford :
_bOxford University Press,
_c2013.
300 _axiii, 454 pages :
_billustrations ;
_c24 cm.
500 _aIncludes index.
504 _aIncludes bibliographical references.
650 0 _aDevelopment economics.
650 0 _aEconomic development.
907 _a.b10351887
_b28-11-14
_c28-11-14
003
005 20230123122125.0
040 _cNUST
942 _cBOOKS
_kHD75
_mROS.
999 _c128206
_d128206